Love or hate don't be late / (Record no. 589834)

000 -LEADER
fixed length control field 00407nam a22001457a 4500
020 ## - INTERNATIONAL STANDARD BOOK NUMBER
International Standard Book Number 97896992440302
082 ## - DEWEY DECIMAL CLASSIFICATION NUMBER
Classification number 297.57
Author Mark BIL
100 ## - MAIN ENTRY--PERSONAL NAME
Personal name Billāh, Mustanṣir.
245 ## - TITLE STATEMENT
Title Love or hate don't be late /
Statement of responsibility, etc. Mustansir Billah
260 ## - PUBLICATION, DISTRIBUTION, ETC.
Place of publication, distribution, etc. Lahore:
Name of publisher, distributor, etc. Inqilab Publishers,
Date of publication, distribution, etc. 2011
300 ## - PHYSICAL DESCRIPTION
Extent 197 p.
563 ## - BINDING INFORMATION
Binding note HBK
650 ## - SUBJECT ADDED ENTRY--TOPICAL TERM
Topical term or geographic name entry element Conduct of life
-- personal religion
-- Islam
942 ## - ADDED ENTRY ELEMENTS (KOHA)
Source of classification or shelving scheme
Koha item type Book
650 ## - SUBJECT ADDED ENTRY--TOPICAL TERM
-- 91681
Holdings
Withdrawn status Lost status Source of classification or shelving scheme Damaged status Not for loan Permanent Location Current Location Shelving location Date acquired Total Checkouts Full call number Barcode Date last seen Price effective from Koha item type
          Central Library (CL) Central Library (CL) First Floor - Islam 05/19/2022   297.57 BIL CL3292 05/19/2022 05/19/2022 Book
© 2023 Central Library, National University of Sciences and Technology. All Rights Reserved.